A simplified harmony of the Gospels / (Record no. 1801)
[ view plain ]
| 000 -LEADER | |
|---|---|
| fixed length control field | 01130cam a2200337 a 4500 |
| 001 - CONTROL NUMBER | |
| control field | 238812 |
| 003 - CONTROL NUMBER IDENTIFIER | |
| control field | GBCCL |
| 005 - DATE AND TIME OF LATEST TRANSACTION | |
| control field | 20241126110409.0 |
| 008 - FIXED-LENGTH DATA ELEMENTS--GENERAL INFORMATION | |
| fixed length control field | 010312s2001 tnu 001 0 eng |
| 010 ## - | |
| -- | 2001024289 |
| 020 ## - INTERNATIONAL STANDARD BOOK NUMBER | |
| International Standard Book Number | 0805494235 (alk. paper) |
| 020 ## - INTERNATIONAL STANDARD BOOK NUMBER | |
| International Standard Book Number | 9780805494235 (alk. paper) |
| 035 ## - SYSTEM CONTROL NUMBER | |
| System control number | (OCoLC)ocm46640768 |
| 035 ## - SYSTEM CONTROL NUMBER | |
| System control number | (OCoLC)46640768 |
| 040 ## - CATALOGING SOURCE | |
| Original cataloging agency | DLC |
| Language of cataloging | eng |
| Transcribing agency | DLC |
| Modifying agency | BAKER |
| -- | BTCTA |
| -- | YDXCP |
| -- | OCLCG |
| -- | OCLCQ |
| -- | OCLCO |
| -- | OCLCA |
| -- | OCLCQ |
| 049 ## - | |
| -- | LBBT |
| 050 00 - | |
| -- | BS2560 |
| -- | .K65 2001 |
| 082 00 - DEWEY DECIMAL CLASSIFICATION NUMBER | |
| Classification number | 226.1 |
| Edition information | 21 |
| Item number | KNI |
| 090 ## - LOCALLY ASSIGNED LC-TYPE CALL NUMBER (OCLC); LOCAL CALL NUMBER (RLIN) | |
| Classification number (OCLC) (R) ; Classification number, CALL (RLIN) (NR) | BS2560 |
| Local cutter number (OCLC) ; Book number/undivided call number, CALL (RLIN) | .K65 2001 |
| 130 0# - | |
| -- | Bible. |
| -- | Gospels. |
| -- | English. |
| -- | Holman Christian Standard Bible. |
| -- | 2001. |
| -- | 3734 |
| 245 12 - TITLE STATEMENT | |
| Title | A simplified harmony of the Gospels / |
| Statement of responsibility, etc. | George Knight. |
| 260 ## - PUBLICATION, DISTRIBUTION, ETC. | |
| Place of publication, distribution, etc. | Nashville, Tenn. : |
| Name of publisher, distributor, etc. | Holman Bible Publishers, |
| Date of publication, distribution, etc. | 2001. |
| 300 ## - PHYSICAL DESCRIPTION | |
| Extent | xxvi, 267 pages ; |
| Dimensions | 23 cm |
| 336 ## - CONTENT TYPE | |
| Content type term | text |
| Content type code | txt |
| Source | rdacontent |
| 337 ## - MEDIA TYPE | |
| Media type term | unmediated |
| Media type code | n |
| Source | rdamedia |
| 338 ## - CARRIER TYPE | |
| Carrier type term | volume |
| Carrier type code | nc |
| Source | rdacarrier |
| 500 ## - GENERAL NOTE | |
| General note | Includes indexes. |
| 630 00 - SUBJECT ADDED ENTRY--UNIFORM TITLE | |
| Uniform title | Bible. |
| Name of part/section of a work | Gospels |
| Form subdivision | Harmonies, English. |
| 9 (RLIN) | 3735 |
| 700 1# - ADDED ENTRY--PERSONAL NAME | |
| Personal name | Knight, George W. |
| Fuller form of name | (George Wendell), |
| Dates associated with a name | 1940- |
| 9 (RLIN) | 3736 |
| 942 ## - ADDED ENTRY ELEMENTS (KOHA) | |
| Source of classification or shelving scheme | Dewey Decimal Classification |
| Koha item type | Books |
| Koha issues (borrowed), all copies | 11 |
| Withdrawn status | Lost status | Source of classification or shelving scheme | Damaged status | Not for loan | Home library | Current Library | Shelving location | Date acquired | Total checkouts | Full call number | Barcode | Date last seen | Date last checked out | Copy number | Price effective from | Koha item type |
|---|---|---|---|---|---|---|---|---|---|---|---|---|---|---|---|---|
| Dewey Decimal Classification | GRACE BIBLE COLLEGE | GRACE BIBLE COLLEGE | Biblical Studies | 2017-05-25 | 13 | 226.1 KNI | 009970 | 2026-03-23 | 2026-03-19 | c.1 | 2017-05-25 | Books |